Language Quiz

Random Language Quiz

No Ifs or Ands - Lots of Butts! Quiz Stats

 Plays Quiz not verified by Sporcle

Also try: 'Z' in the Middle
Challenge
Share
Tweet
Embed
Score 0/22 Timer 06:00
0 Plays Today
Clue Answer % Correct
Some people call it their navelBelly button
91.3%
Partner of BeavisButt-head
89.1%
To drive one's skull into an opponentHeadbutt
85.3%
To unfasten the front of one's shirtUnbutton
83%
To interrupt a conversation or force one's way into a queueButt In
81%
Usually consists of just the filter and a bit of wrapper and burnt tobaccoCigarette butt
79%
A counterargument, or legal evidence that contradicts previous evidenceRebuttal
77.9%
A hill that arises sharply and steeply from the surrounding area, or a city in MontanaButte
74.5%
A wall-reinforcing supportButtress
65.7%
The three gluteal muscles make up this part of the human anatomyButtocks
65%
Actor/comedian Red won the Best Supporting Actor Oscar in 1957 for his role in SayonaraRed Buttons
31.5%
Clue Answer % Correct
Bordering on; having one edge of a property or object directly touching that of anotherAbutting
30%
Slang for gossip or rumour, derived from a naval term for water cask or fountainScuttlebutt
28.1%
This alt band's 1996 album, Electriclarryland, featured the Modern Rock chart-topper 'Pepper' Butthole Surfers
18.3%
Some software games or websites may have this, in case you are about to get caught at workBoss Button
17.4%
Amy Fisher's notorious loverJoey Buttafuoco
16.5%
Alternative name for the cornflower, sounds like part of an unmarried man's apparelBachelors button
13.2%
To jab an opponent sharply with the handle of a hockey stickButt-end
11.2%
Trombone of the Renaissance and Baroque eras (variant)Sackbutt
5.7%
The most valuable US autograph is from the 2nd signatory to the Declaration of IndependenceButton Gwinnett
3.9%
EU's only single to enter the Billboard Hot 100 hit number 35; it topped the Black Music chartsDa Butt
3.8%
2002-03 computer animated Nickelodeon series featuring B-Bop A-Luna and Do-Wah DiddyButt-Ugly Martians
2.8%

You're not logged in!

Compare scores with friends on all Sporcle quizzes.
Join for Free
OR
Log In

You Might Also Like...

Show Comments

Extras

Created Feb 19, 2010ReportNominate
Tags:butt, phrase

Top Quizzes Today


Score Distribution

Your Account Isn't Verified!

In order to create a playlist on Sporcle, you need to verify the email address you used during registration. Go to your Sporcle Settings to finish the process.

Report this User

Report this user for behavior that violates our Community Guidelines.

Details: